000 00715nam a2200253Ia 4500
003 OSt
005 20220918164928.0
006 a|||||r|||| 00| 0
007 ta
008 220917b |||||||| |||| 00| 0 eng d
020 _a0816606773
024 _a23,912
037 _cTextual
040 _aARTS
_cARTS
_beng
041 _2eng
_aeng
082 _aO111973:gN, L3
100 _aWright George T
_921758
245 0 _aSeven American stylists from poeto Mailer
_b An introduction
260 _aMinneapolis
_bUniversity of Minnesota Press
_c1973
300 _a318p.
_ccm.
650 _aENGLISH LITERATURE
942 _hO111973:gN, L3
_cTEXL
_2CC
999 _c127481
_d127481